| 000 | 01273nam a22003737a 4500 | ||
|---|---|---|---|
| 003 | CHAP | ||
| 005 | 20220817043055.0 | ||
| 008 | 971010s1965 r 00010 d | ||
| 010 | _a64724 | ||
| 011 | _a65696 | ||
| 035 | _a72976 | ||
| 040 | _cCHAP | ||
| 090 | _aTesis | ||
| 100 | 0 | 0 |
_aNiño Velázquez, Edilberto. _981368 |
| 245 | 1 | 0 | _aEstructura socio-económica de una comunidad rural |
| 260 |
_aChapingo, Méx. : _bEl autor, _c1965 |
||
| 300 |
_a154 h. _b; gráfs. |
||
| 500 | _aEn bodega c.4 | ||
| 502 | _aTesis (Ing. Agr. Esp. en Economía Agrícola) -- ENA. Departamento de Economía Agrícola | ||
| 590 |
_aALEPH _b10 _c20130110 _lUCH01 _h1353 |
||
| 590 |
_aBATCH-UPD _b10 _c20130110 _lUCH01 _h0956 |
||
| 590 |
_aBATCH-UPD _b10 _c20130410 _lUCH01 _h0608 |
||
| 590 |
_aBATCH-UPD _b10 _c20130914 _lUCH01 _h1155 |
||
| 590 |
_aCONVERSION _b10 _c20130109 _lUCH01 _h1335 |
||
| 650 | 1 | 4 |
_aAgricultura _xAspectos económicos. |
| 650 | 1 | 4 |
_aDesarrollo rural. _932067 |
| 650 | 1 | 4 |
_aSociología rural. _9108215 |
| 901 | _aBK | ||
| 942 | _cFOLL | ||
| 949 |
_bBC _cMP _d-148491 _eTS1 _i72976 _si |
||
| 949 |
_bBC _cTES _d33724002033248 _eTS2 _fc.2 _h46852 _i72976 _si |
||
| 949 |
_bBC _cTES _d33724002034405 _eTS2 _fc.3 _h46853 _i72976 _st |
||
| 949 |
_bCR _cTESBD _d-5729 _eTS1 _h28 _i72976 _si |
||
| 999 |
_c64724 _d64724 |
||